| 000 | 00797nam a22002057a 4500 | ||
|---|---|---|---|
| 999 |
_c17761 _d17761 |
||
| 003 | AR-CdUCM | ||
| 008 | 190509b ||||| |||| 00| 0 spa d | ||
| 040 |
_aMUNICIPALIDAD PROVINCIAL DEL CUSCO _cBIBLIOTECA MUNICIPAL DEL CUSCO |
||
| 082 |
_a335.43 / _bL45 |
||
| 100 |
_aLennin, V. I. _937937 |
||
| 245 |
_aEl marxismo y el estado : _bMateriales preparatorios para el libro el Estado y la revolución / |
||
| 260 |
_aMoscú : _bProgreso, |
||
| 300 |
_a140 páginas ; _c21 cm. |
||
| 505 | _aContenido : El marxismo y el estado -- Critica del programa de Gotha -- La guerra civil en Francia -- Manifiesto del partido comunista -- Carta de Engels de 1875 ... | ||
| 650 |
_aEngels. _936753 |
||
| 650 |
_aMarxismo. _924 |
||
| 650 |
_aEstado. _9738 |
||
| 942 |
_2ddc _cLIBROS |
||
| 945 |
_arum _d2019-05-09 |
||